Statistics for Landlocked Countries with Lowest Elevation

Click here to take the quiz!

General Stats

  • This quiz has been taken 60 times
    (25 since last reset)
  • The average score is 12 of 16

Answer Stats

Minimum ElevationCountry% Correct
−81 m (-92 ft)Azerbaijan
100%
−132 m (-433 ft)Kazakhstan
96%
70 m (230 ft)Laos
87%
−81 m (-266 ft)Turkmenistan
87%
−12 m (-39 ft)Uzbekistan
83%
−125 m (-410 ft)Ethiopia
78%
2 m (7 ft)Moldova
78%
46 m (151 ft)Paraguay
78%
55 m (180 ft)San Marino
78%
37 m (121 ft)Malawi
74%
23 m (75 ft)Mali
74%
33 m (108 ft)Vatican City
74%
70 m (230 ft)Nepal
70%
50 m (164 ft)Macedonia
65%
28 m (92 ft)Serbia
65%
21 m (69 ft)Eswatini
61%

Score Distribution

Percentile by Number Answered

Percent of People with Each Score

Your Score History

You have not taken this quiz since the last reset